书目信息 |
| 题名: |
解放前的地主与农民
|
|
| 作者: | 陈翰笙 著 ;冯峰 译 | |
| 分册: | ||
| 出版信息: | 北京 中国社会科学出版社 1984 |
|
| 页数: | 123页 | |
| 开本: | 21cm | |
| 丛书名: | ||
| 单 册: | ||
| 中图分类: | F329.06 | |
| 科图分类: | ||
| 主题词: | 阶级关系-农村--研究--中国 , 农村-阶级关系--研究--中国 | |
| 电子资源: | ||
| ISBN: | ||
| 000 | 00729nam0 2200253 45 | |
| 001 | 0184014193 | |
| 005 | 20060728155830.03 | |
| 010 | @dCNY0.56 | |
| 091 | @aCN@b4190.202 | |
| 100 | @a19950508d1984 em y0chiy0121 ea | |
| 101 | 0 | @achi |
| 102 | @aCN@b110000 | |
| 105 | @ay z 000yy | |
| 200 | 10 | @a解放前的地主与农民@Ajie fang qian de di zhu yu nong min@e华南农村危机研究@f陈翰笙著@g冯峰译 |
| 210 | @a北京@c中国社会科学出版社@d1984 | |
| 215 | @a123页@d21cm | |
| 606 | @a阶级关系-农村@x研究@y中国 | |
| 606 | @a农村-阶级关系@x研究@y中国 | |
| 690 | @aF329.06@v3 | |
| 701 | 0 | @a陈翰笙@Achen han sheng@4著 |
| 702 | 0 | @a冯峰@Afeng feng@4译 |
| 801 | 2 | @aCN@bNLC@c20060728 |
| 801 | 0 | @aCN@bTSSF |
| 905 | @a10447@dF329.06@e48 | |
| 解放前的地主与农民:华南农村危机研究/陈翰笙著/冯峰译.-北京:中国社会科学出版社,1984 |
| 123页;21cm |
| ISBN :CNY0.56 |
| ● |
| 相关链接 |
|
|
|
|
正题名:解放前的地主与农民
索取号:F329.06/48
 
预约/预借
| 序号 | 登录号 | 条形码 | 馆藏地/架位号 | 状态 | 备注 |
| 1 | 0440520 | 204405205 | 密集书库/ [索取号:F329.06/48] | 在馆 |